[9] - 2 ideas clave : (Record no. 147150)

MARC details
000 -CABECERA
campo de control de longitud fija 00869nam a2200229 u 4500
005 - FECHA Y HORA DE LA ÚLTIMA TRANSACCIÓN
campo de control 20240925063815.0
008 - ELEMENTOS DE LONGITUD FIJA--INFORMACIÓN GENERAL
campo de control de longitud fija 100309s2008 r 000 0 eng d
020 ## - NÚMERO INTERNACIONAL NORMALIZADO PARA LIBROS
Número Internacional Estándar del Libro 8478276301
035 ## - NÚMERO DE CONTROL DEL SISTEMA
Número de control de sistema UPN01000175046
049 ## - COLECCIÓN
Colección CG
050 #4 - SIGNATURA TOPOGRÁFICA DE LA BIBLIOTECA DEL CONGRESO
Número de clasificación QA11
Número de documento/Ítem G6.2
100 1# - ASIENTO PRINCIPAL--NOMBRE PERSONAL
Nombre de persona Goñi Zabala, Jesús María
9 (RLIN) 33466
245 10 - MENCIÓN DE TÍTULO
Título [9] - 2 ideas clave :
Resto del título el desarrollo de la competencia matemática /
Mención de responsabilidad, etc. Jesús Ma. Goñi Zabala.
260 ## - PUBLICACIÓN, DISTRIBUCIÓN, ETC.
Lugar de publicación, distribución, etc. Barcelona, Esp. :
Nombre del editor, distribuidor, etc. Graó,
Fecha de publicación, distribución, etc. 2008.
300 ## - DESCRIPCIÓN FÍSICA
Extensión 236 p. :
Otras características físicas il., cuadros
440 #0 - MENCIÓN DE SERIE/ASIENTO SECUNDARIO--TÍTULO
Título Ideas clave.
Nombre de parte o sección de la obra Didáctica de las matemáticas ;
Designación de volumen o secuencia 7
590 ## - NOTA LOCAL (RLIN)
Nota local Bibliografía básica para el programa de Maestría en Educación Básica, BGTQ, 2010
590 ## - NOTA LOCAL (RLIN)
Nota local También localizas un ejemplar en el "Área de Reserva"
650 #4 - ASIENTO SECUNDARIO DE MATERIA - TERMINO TEMATICO
Término de materia o nombre geográfico como elemento de entrada Matemáticas
Subdivisión general Estudio y enseñanza
9 (RLIN) 3601
650 #4 - ASIENTO SECUNDARIO DE MATERIA - TERMINO TEMATICO
Término de materia o nombre geográfico como elemento de entrada Educación basada en competencias
9 (RLIN) 13564
905 ## - TIPO DE MATERIAL
Tipo de material Libro
Holdings
Estado de retiro Estado de pérdida Fuente del sistema de clasificación o colocación Estado dañado Restricciones de uso No para préstamo Código de colección Localización permanente Ubicación/localización actual Ubicación en estantería Fecha de adquisición Clasificación Código de barras Fecha visto por última vez Número de copia Tipo de ítem Koha Total de préstamos Fecha del último préstamo
    Library of Congress Classification   Préstamo por horas   Bibliografía básica Bib. Gregorio Torres Quintero Bib. Gregorio Torres Quintero Colecciones especiales Planta alta 30/01/2023 QA11 G6.2 273018 31/12/2020 1 Libro por horas    
    Library of Congress Classification       Colección General Bib. Gregorio Torres Quintero Bib. Gregorio Torres Quintero Planta baja   QA11 G6.2 293004 31/12/2020 1 Libro 3  
    Library of Congress Classification       Colección General Bib. Gregorio Torres Quintero Bib. Gregorio Torres Quintero Planta baja   QA11 G6.2 293003 31/12/2020 1 Libro    
    Library of Congress Classification       Colección General Bib. Gregorio Torres Quintero Bib. Gregorio Torres Quintero Planta baja 01/06/2022 QA11 G6.2 276719 23/06/2022 1 Libro 8 01/06/2022